| 000 -LEADER |
| fixed length control field |
02087cam a22004097a 4500 |
| 001 - CONTROL NUMBER |
| control field |
14685556 |
| 003 - CONTROL NUMBER IDENTIFIER |
| control field |
NUST |
| 005 - DATE AND TIME OF LATEST TRANSACTION |
| control field |
20191023112059.0 |
| 008 - FIXED-LENGTH DATA ELEMENTS--GENERAL INFORMATION |
| fixed length control field |
070104s2007 dcua b 001 0 eng |
| 010 ## - LIBRARY OF CONGRESS CONTROL NUMBER |
| LC control number |
2006037029 |
| 020 ## - INTERNATIONAL STANDARD BOOK NUMBER |
| International Standard Book Number |
9780821367490 |
| 020 ## - INTERNATIONAL STANDARD BOOK NUMBER |
| International Standard Book Number |
0821367498 |
| 020 ## - INTERNATIONAL STANDARD BOOK NUMBER |
| International Standard Book Number |
0821367501 (electronic) |
| 020 ## - INTERNATIONAL STANDARD BOOK NUMBER |
| International Standard Book Number |
9780821367506 (electronic) |
| 035 ## - SYSTEM CONTROL NUMBER |
| System control number |
(OCoLC)ocm77573776 |
| 035 ## - SYSTEM CONTROL NUMBER |
| System control number |
(OCoLC)77573776 |
| 038 ## - RECORD CONTENT LICENSOR |
| Staff Name |
MSOHAIL |
| 040 ## - CATALOGING SOURCE |
| Original cataloging agency |
DLC |
| Transcribing agency |
DLC |
| Modifying agency |
YDX |
| -- |
BAKER |
| -- |
BTCTA |
| -- |
YDXCP |
| -- |
HNW |
| -- |
DLC |
| 043 ## - GEOGRAPHIC AREA CODE |
| Geographic area code |
a-cc--- |
| -- |
a-ii--- |
| 050 00 - LIBRARY OF CONGRESS CALL NUMBER |
| Classification number |
HF1604 |
| Item number |
.D36 2007 |
| 082 00 - DEWEY DECIMAL CLASSIFICATION NUMBER |
| Classification number |
337.51 |
| Edition number |
22 |
| 245 00 - TITLE STATEMENT |
| Title |
Dancing with giants : |
| Remainder of title |
China, India, and the global economy / |
| Statement of responsibility, etc. |
edited by L. Alan Winters and Shahid Yusuf. |
| 260 ## - PUBLICATION, DISTRIBUTION, ETC. |
| Place of publication, distribution, etc. |
Washington, DC : |
| Name of publisher, distributor, etc. |
World Bank : |
| -- |
Institute of Policy Studies, |
| Date of publication, distribution, etc. |
c2007. |
| 300 ## - PHYSICAL DESCRIPTION |
| Extent |
xvi, 272 p. : |
| Other physical details |
ill. ; |
| Dimensions |
23 cm. |
| 504 ## - BIBLIOGRAPHY, ETC. NOTE |
| Bibliography, etc. note |
Includes bibliographical references (p. 243-264) and index. |
| 505 0# - FORMATTED CONTENTS NOTE |
| Formatted contents note |
China and India reshape global industrial geography / Shahid Yusuf, Kaoru Nabeshima, and Dwight H. Perkins -- Competing with giants : who wins, who loses? / Betina Dimaranan, Elena Ianchovichina, and Will Martin -- International financial integration of China and India / Philip R. Lane and Sergio L. Schmukler -- Energy and emissions : local and global effects of the giants' rise / Zmarak Shalizi -- Partially awakened giants : uneven growth in China and India / Shubham Chaudhuri and Martin Ravallion -- Governance and economic growth / Philip Keefer. |
| 651 #0 - SUBJECT ADDED ENTRY--GEOGRAPHIC NAME |
| Geographic name |
China |
| General subdivision |
Foreign economic relations. |
| 9 (RLIN) |
24603 |
| 651 #0 - SUBJECT ADDED ENTRY--GEOGRAPHIC NAME |
| Geographic name |
India |
| General subdivision |
Foreign economic relations. |
| 9 (RLIN) |
24604 |
| 651 #0 - SUBJECT ADDED ENTRY--GEOGRAPHIC NAME |
| Geographic name |
China |
| General subdivision |
Economic policy |
| Chronological subdivision |
2000- |
| 9 (RLIN) |
5070 |
| 651 #0 - SUBJECT ADDED ENTRY--GEOGRAPHIC NAME |
| Geographic name |
India |
| General subdivision |
Economic policy |
| Chronological subdivision |
1991- |
| 9 (RLIN) |
24605 |
| 700 1# - ADDED ENTRY--PERSONAL NAME |
| Personal name |
Winters, L. Alan. |
| 9 (RLIN) |
24606 |
| 700 1# - ADDED ENTRY--PERSONAL NAME |
| Personal name |
Yusuf, Shahid, |
| Dates associated with a name |
1949- |
| 9 (RLIN) |
24607 |
| 856 41 - ELECTRONIC LOCATION AND ACCESS |
| Materials specified |
Table of contents only |
| Uniform Resource Identifier |
<a href="http://www.loc.gov/catdir/toc/ecip077/2006037029.html">http://www.loc.gov/catdir/toc/ecip077/2006037029.html</a> |
| 906 ## - LOCAL DATA ELEMENT F, LDF (RLIN) |
| a |
7 |
| b |
cbc |
| c |
orignew |
| d |
1 |
| e |
ecip |
| f |
20 |
| g |
y-gencatlg |
| 942 ## - ADDED ENTRY ELEMENTS (KOHA) |
| Source of classification or shelving scheme |
|
| Koha item type |
Book |